[Event "Baku Ahiita op"]
[Site "Baku"]
[Date "2015.11.16"]
[Round "3"]
[White "Abdulbaghiyev, Rufat"]
[Black "Safarli, Ramzi"]
[Result "0-1"]
[WhiteElo "1395"]
[BlackElo "1399"]
[PlyCount "67"]
[EventDate "2015.11.14"]
[EventType "swiss"]
[EventRounds "7"]
[EventCountry "AZE"]
[SourceTitle "EXT 2024"]
[Source "ChessBase"]
[SourceDate "2023.10.10"]
[SourceVersion "1"]
[SourceVersionDate "2023.10.10"]
[SourceQuality "1"]

1. e4 c5 2. Nf3 e6 3. d4 cxd4 4. Nxd4 Nc6 5. Nc3 Nf6 6. Bg5 Be7 7. Nxc6 bxc6 8. e5 Nd5 9. Bxe7 Qxe7 10. Nxd5 cxd5 11. Qd4 0-0 12. Bd3 d6 13. 0-0 dxe5 14. Qxe5 f6 15. Qh5 g6 16. Qh6 e5 17. Rfe1 e4 18. f3 Qc5+ 19. Re3 exd3 20. cxd3 Bf5 21. Rae1 Rfe8 22. Kh1 Rxe3 23. Qxe3 Qxe3 24. Rxe3 Kf7 25. g4 Be6 26. d4 Ke7 27. Rb3 Kd6 28. Rb7 Bd7 29. Kg2 Kc6 30. Rb3 a5 31. Kg3 Re8 32. Kf2 h6 33. Rc3+ Kd6 34. b3 0-1